书目信息 |
| 题名: |
设计与设计家
|
|
| 作者: | ;迪休洛 设计 ;Pyramyd工作室 编辑 | |
| 分册: | 第一辑(006) 皮埃尔·迪休洛 | |
| 出版信息: | 北京 中国青年出版社 2006 |
|
| 页数: | 95页 | |
| 开本: | 16×16cm | |
| 丛书名: | ||
| 单 册: | ||
| 中图分类: | J534(565) , J111 | |
| 科图分类: | ||
| 主题词: | 平面设计--法国--现代--图集 , 美术字--字体--设计--法国 , 美术--作品--世界--现代--画册 , 平面设计 , 美术字 , 美术 , 字体 | |
| 电子资源: | ||
| ISBN: | 7-5006-6621-7 | |
| 000 | 01216nam0 2200337 450 | |
| 001 | 003148116 | |
| 005 | 20070805165219.10 | |
| 010 | @a7-5006-6621-7@dCNY25.00 | |
| 100 | @a20060104d2006 em y0chiy0110 ea | |
| 101 | 0 | @achi |
| 102 | @aCN@b110000 | |
| 105 | @aa z 000yd | |
| 200 | 1 | @a设计与设计家@9she ji yu she ji jia@h第一辑(006)@i皮埃尔·迪休洛@e平面设计/字体设计@f(法)Pyramyd编辑 |
| 210 | @a北京@c中国青年出版社@d2006 | |
| 215 | @a95页@d16×16cm | |
| 304 | @a法文分辑题名:Pierre Di Sciullo | |
| 305 | @a本书由法国PYRAMYD授权中国青年出版社独家出版 | |
| 330 | @a本套书汇聚了来自不同背景的平面艺术家、设计师、插图画家和摄影师,引领我们倘佯于他们具有代表性意义的作品中。每一本专著都强调了图片的视觉效果,并对每位艺术家作品的特质进行了点评。 | |
| 606 | 0 | @a平面设计@y法国@z现代@j图集 |
| 606 | 0 | @a美术字@x字体@x设计@y法国 |
| 606 | 0 | @a美术@x作品@y世界@z现代@j画册 |
| 606 | 0 | @a平面设计 |
| 606 | 0 | @a美术字 |
| 606 | 0 | @a美术 |
| 606 | 0 | @a字体 |
| 690 | @aJ534(565)@v4 | |
| 690 | @aJ111@v4 | |
| 702 | 0 | @c(法)@a迪休洛@9di xiu luo@c(Di Sciullo, Pierre)@4设计 |
| 711 | 02 | @c(法)@aPyramyd工作室@9Pyramyd gong zuo shi@4编辑 |
| 801 | 0 | @aCN@bNLC@c20070805 |
| 905 | @a10447@dJ111@e103:1(6) | |
| 设计与设计家.第一辑(006).皮埃尔·迪休洛:平面设计/字体设计/(法)Pyramyd编辑.-北京:中国青年出版社,2006 |
| 95页;16×16cm |
| ISBN 7-5006-6621-7:CNY25.00 |
| 本套书汇聚了来自不同背景的平面艺术家、设计师、插图画家和摄影师,引领我们倘佯于他们具有代表性意义的作品中。每一本专著都强调了图片的视觉效果,并对每位艺术家作品的特质进行了点评。 |
| ● |
| 相关链接 |
|
|
|
|
正题名:设计与设计家
索取号:J111/103:1(6)
 
预约/预借
| 序号 | 登录号 | 条形码 | 馆藏地/架位号 | 状态 | 备注 |
| 1 | 0808625 | 208086257 | 第一样本阅览室/ [索取号:J111/103:1(6)] | 在馆 | |
| 2 | 0808626 | 208086266 | 第一借阅区/ [索取号:J111/103:1(6)] | 在馆 | |
| 3 | 0808627 | 208086275 | 密集书库-美术系/ [索取号:J111/103:1(6)] | 在馆 |